| 000 | 00395nam a2200157Ia 4500 | ||
|---|---|---|---|
| 005 | 20240807062453.0 | ||
| 008 | 240806s9999||||xx |||||||||||||| ||eng|| | ||
| 041 | _aeng | ||
| 082 |
_a160 _bHARN |
||
| 100 | _aGilbert Harman | ||
| 245 | 4 | _aThe nature of morality: an introduction to ethics / | |
| 260 | _bOxford University Press New York | ||
| 300 | _a0 | ||
| 650 | _aPhilosophy | ||
| 942 | _cBK | ||
| 999 |
_c19944 _d19944 |
||